Bildgespenster : künstlerische Archive aus der DDR und ihre Rolle heute

Saved in:
Bibliographic Details
Other Authors: Bisanz, Elize (Editor, Hrsg.)
Heidel, Marlene (Editor, HerausgeberIn)
Document Type: Book
Language:German
English
Published: Bielefeld : transcript-Verl. , 2014
Series:Image 61
Subjects:
Online Access:Inhaltstext
Inhaltsverzeichnis
Related Items:Online-Ausg.: Bildgespenster
Erscheint auch als: Bildgespenster
Erscheint auch als: Bildgespenster
Rezensiert in: [Rezension von: Elize Bisanz, Marlene Heidel (Hrsg.), Bildgespenster. Künstlerische Archive aus der DDR und ihre Rolle heute - Wolfgang Müller, Subkultur Westberlin 1979-1989. Freizeit]
Author Notes:Elize Bisanz, Marlene Heidel (Hg.)
LEADER 06154cam a2201165 c 4500
001 770040942
003 DE-627
005 20260617211242.0
007 tu
008 131016s2014 gw ||||| 00| ||ger c
010 |a  2014473666 
015 |a 13,N42  |2 dnb 
016 7 |a 1042636664  |2 DE-101 
020 |a 9783837624618  |q Pb. : ca. EUR 34.80 (DE), ca. EUR 35.80 (AT), ca. sfr 45.70 (freier Pr.)  |9 978-3-8376-2461-8 
020 |a 3837624617  |9 3-8376-2461-7 
024 3 |a 9783837624618 
035 |a (DE-627)770040942 
035 |a (DE-576)402940431 
035 |a (DE-599)DNB1042636664 
035 |a (OCoLC)864622137 
035 |a (OCoLC)864622137 
035 |a (OCoLC)885181051 
040 |a DE-627  |b ger  |c DE-627  |e rakwb 
041 |a ger  |a eng 
044 |c XA-DE-NW 
050 0 |a N6889 
072 7 |a SOC022000  |a ART037000  |a HIS014000  |2 bisacsh 
072 7 |a JFC;HBJD;A  |2 bicssc 
072 7 |a SOC  |2 bisacsh 
072 7 |a 9510  |2 wsb 
072 7 |a JFC  |2 bicssc 
072 7 |a HBJD  |2 bicssc 
072 7 |a AB  |2 bicssc 
072 7 |a SOC022000  |2 bisacsh 
072 7 |a SOC 022000  |2 bisacsh 
072 7 |a ART 037000  |2 bisacsh 
072 7 |a HIS 014000  |2 bisacsh 
082 0 |a 026.7  |2 22/ger 
082 0 |a 709.43109045  |2 22/ger 
082 0 4 |a 020  |a 700  |q DNB 
082 0 4 |a 700 
084 |a 9,11  |2 ssgn 
084 |a LH 61045  |q OBV  |2 rvk  |0 (DE-625)rvk/94203: 
084 |a LK 10100  |q OBV  |2 rvk  |0 (DE-625)rvk/97480: 
084 |a LH 62895  |2 rvk  |0 (DE-625)rvk/94268: 
084 |a LK 10357  |2 rvk  |0 (DE-625)rvk/97500:13111 
084 |a 20.30  |2 bkl 
090 |a a 
245 0 0 |a Bildgespenster  |b künstlerische Archive aus der DDR und ihre Rolle heute  |c Elize Bisanz, Marlene Heidel (Hg.) 
263 |a 201404 
264 1 |a Bielefeld  |b transcript-Verl.  |c 2014 
300 |a 412 S.  |b Illustrationen  |c 22 cm 
336 |a Text  |b txt  |2 rdacontent 
337 |a ohne Hilfsmittel zu benutzen  |b n  |2 rdamedia 
338 |a Band  |b nc  |2 rdacarrier 
490 1 |a Image  |v Bd. 61 
500 |a Beitr. teilw. dt., teilw. engl 
583 1 |a Archivierung prüfen  |c 20251012  |f DE-4165  |z 2  |2 pdager 
610 1 0 |a Kunstarchiv Beeskow 
650 0 |a Art, German  |z Germany (East)  |y 20th century 
650 0 |a Art archives  |z Germany (East)  |z Berlin  |y 20th century 
689 0 0 |d b  |0 (DE-588)16033163-8  |0 (DE-627)613335058  |0 (DE-576)313270635  |a Kunstarchiv Beeskow  |2 gnd 
689 0 1 |d s  |0 (DE-588)4049716-1  |0 (DE-627)104675152  |0 (DE-576)209083182  |a Rezeption  |2 gnd 
689 0 |5 DE-101 
689 1 0 |d g  |0 (DE-588)4011890-3  |0 (DE-627)104732415  |0 (DE-576)20889621X  |a Deutschland  |g DDR  |2 gnd 
689 1 1 |d s  |0 (DE-588)4114333-4  |0 (DE-627)105822957  |0 (DE-576)209483733  |a Kunst  |2 gnd 
689 1 2 |d s  |0 (DE-588)4049716-1  |0 (DE-627)104675152  |0 (DE-576)209083182  |a Rezeption  |2 gnd 
689 1 3 |a z  |2 gnd  |a Geschichte 1990-2014 
689 1 |5 DE-101 
689 2 0 |d b  |0 (DE-588)16033163-8  |0 (DE-627)613335058  |0 (DE-576)313270635  |a Kunstarchiv Beeskow  |2 gnd 
689 2 1 |d g  |0 (DE-588)4011890-3  |0 (DE-627)104732415  |0 (DE-576)20889621X  |a Deutschland  |g DDR  |2 gnd 
689 2 |5 (DE-627) 
700 1 |a Bisanz, Elize  |e Hrsg.  |0 (DE-588)141010924  |0 (DE-627)62382194X  |0 (DE-576)175274320  |4 edt 
700 1 |a Heidel, Marlene  |e HerausgeberIn  |0 (DE-588)1078265046  |0 (DE-627)83821889X  |0 (DE-576)450440117  |4 edt 
776 1 |z 9783839424612  |c  (PDF) 
776 0 8 |i Online-Ausg.  |t Bildgespenster  |d Bielefeld : transcript, 2014  |h Online-Ressource (416 S.)  |w (DE-627)787754986  |z 9783839424612 
776 0 8 |i Erscheint auch als  |n Online-Ausgabe  |t Bildgespenster  |d Bielefeld : Transcript, 2014  |h Online-Ressource (412 S.)  |w (DE-627)1659206332  |w (DE-576)414757157  |z 9783837624618  |z 9783839424612 
776 0 8 |i Erscheint auch als  |n Online-Ausgabe  |a Bisanz, Elize  |t Bildgespenster  |d Bielefeld : transcript Verlag, 2014  |h 1 Online-Ressource  |w (DE-627)1655706985  |w (DE-576)504119850  |z 9783839424612 
787 0 8 |i Rezensiert in  |a Bazin, Jérôme, 1982 -   |t [Rezension von: Elize Bisanz, Marlene Heidel (Hrsg.), Bildgespenster. Künstlerische Archive aus der DDR und ihre Rolle heute - Wolfgang Müller, Subkultur Westberlin 1979-1989. Freizeit]  |d 2015  |w (DE-627)1878143751 
830 0 |a Image  |v 61  |9 61  |w (DE-627)641152647  |w (DE-576)336549490  |w (DE-600)2584771-5  |7 am 
856 4 2 |u http://deposit.dnb.de/cgi-bin/dokserv?id=4468494&prov=M&dok_var=1&dok_ext=htm  |m X: MVB  |q text/html  |v 2013-10-16  |x Verlag  |3 Inhaltstext  |7 1 
856 4 2 |u https://swbplus.bsz-bw.de/bsz402940431inh.htm  |m B:DE-576;DE-14  |q application/pdf  |v 20141017132923  |x Verlag  |3 Inhaltsverzeichnis  |7 1 
935 |i sf 
935 |i Blocktest 
936 r v |a LH 61045  |b Kunstrezeption, Rezeptionsästhetik  |k Kunstgeschichte  |k Allgemeines. Allgemeine Kunstgeschichte  |k Theorie und Praxis der Bildenden Kunst  |k Theorie der Bildenden Kunst  |k Kunstrezeption, Rezeptionsästhetik  |0 (DE-627)1270637401  |0 (DE-625)rvk/94203:  |0 (DE-576)200637401 
936 r v |a LK 10100  |b Theorie, Ästhetik, Psychologie (nur bei eindeutigem Bezug auf die deutsche Kunst)  |k Kunstgeschichte  |k Kunst nach Ländern bzw. Kontinenten  |k Deutschland  |k Kunstgeschichte Deutschlands  |k Theorie, Ästhetik, Psychologie (nur bei eindeutigem Bezug auf die deutsche Kunst)  |0 (DE-627)1271167018  |0 (DE-625)rvk/97480:  |0 (DE-576)201167018 
936 r v |a LH 62895  |b Sonstige  |k Kunstgeschichte  |k Allgemeines. Allgemeine Kunstgeschichte  |k Geschichte der Kunstwissenschaft  |k Schriften über Institute, Akademien, Vereine  |k Sonstige  |0 (DE-627)1271072246  |0 (DE-625)rvk/94268:  |0 (DE-576)201072246 
936 r v |a LK 10357  |b Kunst nach 1945 (verschiedene Richtungen)  |k Kunstgeschichte  |k Kunst nach Ländern bzw. Kontinenten  |k Deutschland  |k Deutsche Kunstgeschichte einzelner Epochen  |k Deutsche Kunstgeschichte der Neuzeit  |k 19., 20. und 21. Jahrhundert  |k 20. Jahrhundert  |k Kunst nach 1945 (verschiedene Richtungen)  |0 (DE-627)1270636146  |0 (DE-625)rvk/97500:13111  |0 (DE-576)200636146 
936 b k |a 20.30  |j Kunstgeschichte: Allgemeines  |0 (DE-627)106410326 
951 |a BO 
990 |a Kunstarchiv Beeskow 
990 |a Rezeption 
990 |a Deutschland 
990 |a Kunst 
990 |a Rezeption 
990 |a Geschichte 1990-2014 
990 |a Kunstarchiv Beeskow 
990 |a Deutschland 
991 |a Rezensiertes Werk 
999 |a KXP-PPN770040942  |e 4965187156